000 02566nam0a2200373 4500
001 RU\NLR\BIBL_A\022543989
005 20260420044606.0
010 _a978-5-9652-0967-5
_928
021 _aRU
_bКН-П-25-018187
_9КН-П-25-1845
035 _a(NLR Aleph) 022543989
090 _a13672724
_c13672724
100 _a20250519d2024 u y0rusy50 ca
101 0 _arus
102 _aRU
105 _aa j 000yy
181 0 _ai
_baxxe
182 0 _an
200 1 _aЧастная патология
_eучебное пособие
_eдля аудиторной и внеаудиторной самостоятельной работы студентов 2-го курса фармацевтического факультета
_fд. м. н., профессор А. В. Смирнов, д. м. н., доцент Н. В. Григорьева, к. м. н. Т. А. Белик [и др.]
_gФедеральное государственное бюджетное образовательное учреждение высшего образования "Волгоградский государственный медицинский университет" Министерства здравоохранения Российской Федерации, Кафедра патологической анатомии
203 _aТекст
_bвизуальный
_cнепосредственный
210 _aВолгоград
_cИзд-во ВолгГМУ
_d2024
215 _a335 с.
_cил., табл.
_d20
300 _aАвт. указаны на обороте тит. с.
320 _aБиблиогр.: с. 335 (6 назв.)
606 1 _aПатология
_jУчебные издания для высших учебных заведений
_9996871
_3RU\NLR\AUTH\6659613
686 1 _aР25я73
701 1 _7ca
_8rus
_aСмирнов
_bА. В.
_cд-р мед. наук, пат. анатомия
_gАлексей Владимирович
_935989
_3RU\NLR\AUTH\7753056
701 1 _7ca
_8rus
_aГригорьева
_bН. В.
_cврач-вирусолог
_gНаталья Владимировна
_939296
_3RU\NLR\AUTH\7756364
701 1 _aБелик
_bТ. А.
_gТатьяна Анатольевна
712 0 2 _4570
_aВолгоградский государственный медицинский университет
_bКафедра патологической анатомии
_92660034
_3RU\NLR\AUTH\880627666
942 _cBOOK
980 _aNB